000 00207 a2200085 4500
020 _a9780624040057
082 _2616.9940654 SERF
_a616.9940654
_b1
100 _aSERFONTEIN, W J
_9105944
245 _aBEATING CANCER
999 _c780553
_d780552
942 _w438
_xLucy Nkosi
_y438
_zLucy Nkosi